Методика выявления потенциально ненадёжных участков систем безопасности ВВЭР; Физико-технические проблемы в науке, промышленности и медицине

Bibliografiske detaljer
Parent link:Физико-технические проблемы в науке, промышленности и медицине.— 2016.— [С. 28-29]
Hovedforfatter: Бусыгин А. С.
Institution som forfatter: Национальный исследовательский Томский политехнический университет (ТПУ) Физико-технический институт (ФТИ) Кафедра физико-энергетических установок (№ 21) (ФЭУ)
Andre forfattere: Лебедев И. И. Иван Игоревич, Наймушин А. Г. Артем Георгиевич
Summary:Заглавие с экрана
Sprog:russisk
Udgivet: 2016
Serier:Физико-энергетические и электрофизические установки
Fag:
Online adgang:http://earchive.tpu.ru/handle/11683/31060
Format: MixedMaterials Electronisk Book Chapter
KOHA link:https://koha.lib.tpu.ru/cgi-bin/koha/opac-detail.pl?biblionumber=619127

MARC

LEADER 00000naa2a2200000 4500
001 619127
005 20250821102526.0
035 |a (RuTPU)RU\TPU\conf\17531 
035 |a RU\TPU\conf\17529 
090 |a 619127 
100 |a 20160809d2016 k y0rusy50 ca 
101 0 |a rus 
102 |a RU 
105 |a y z 101zy 
135 |a drgn ---uucaa 
181 0 |a i  
182 0 |a b 
200 1 |a Методика выявления потенциально ненадёжных участков систем безопасности ВВЭР  |f А. С. Бусыгин, И. И. Лебедев, А. Г. Наймушин 
203 |a Текст  |c электронный 
225 1 |a Физико-энергетические и электрофизические установки 
300 |a Заглавие с экрана 
320 |a [Библиогр.: с. 29 (4 назв.)] 
463 0 |0 (RuTPU)RU\TPU\conf\17455  |t Физико-технические проблемы в науке, промышленности и медицине  |o сборник тезисов докладов VIII Международной научно-практической конференции, г. Томск, 1-3 июня 2016 г.  |f Национальный исследовательский Томский политехнический университет (ТПУ) ; под ред. О. Ю. Долматова [и др.]  |v [С. 28-29]  |d 2016 
610 1 |a труды учёных ТПУ 
610 1 |a электронный ресурс 
610 1 |a безопасность 
610 1 |a ВВЭР 
610 1 |a энергетические ядерные реакторы 
610 1 |a АЭС 
610 1 |a отказы 
700 1 |a Бусыгин  |b А. С. 
701 1 |a Лебедев  |b И. И.  |c специалист в области энергетики  |c инженер Томского политехнического университета  |f 1990-  |g Иван Игоревич  |3 (RuTPU)RU\TPU\pers\32502  |9 16448 
701 1 |a Наймушин  |b А. Г.  |c специалист в области ядерных технологий  |c доцент Томского политехнического университета, кандидат физико-математических наук  |f 1986-  |g Артем Георгиевич  |3 (RuTPU)RU\TPU\pers\26460  |9 12163 
712 0 2 |a Национальный исследовательский Томский политехнический университет (ТПУ)  |b Физико-технический институт (ФТИ)  |b Кафедра физико-энергетических установок (№ 21) (ФЭУ)  |3 (RuTPU)RU\TPU\col\18730 
801 2 |a RU  |b 63413507  |c 20160826  |g RCR 
856 4 |u http://earchive.tpu.ru/handle/11683/31060 
942 |c BK